Far Rockaway in reminiscence, (Record no. 18073)
[ view plain ]
| 000 -LEADER | |
|---|---|
| fixed length control field | 00880cam a22002531 4500 |
| 001 - CONTROL NUMBER | |
| control field | ca 36000373 |
| 003 - CONTROL NUMBER IDENTIFIER | |
| control field | DLC |
| 005 - DATE AND TIME OF LATEST TRANSACTION | |
| control field | 20260227111141.0 |
| 008 - FIXED-LENGTH DATA ELEMENTS--GENERAL INFORMATION | |
| fixed length control field | 860408s1936 nyuacf 000 0 eng |
| 010 ## - LIBRARY OF CONGRESS CONTROL NUMBER | |
| LC control number | ca 36000373 |
| 035 ## - SYSTEM CONTROL NUMBER | |
| System control number | (OCoLC)13406521 |
| 040 ## - CATALOGING SOURCE | |
| Original cataloging agency | DLC |
| Transcribing agency | IHi |
| Modifying agency | DLC |
| 042 ## - AUTHENTICATION CODE | |
| Authentication code | premarc |
| 050 00 - LIBRARY OF CONGRESS CALL NUMBER | |
| Classification number | F129.R8 |
| Item number | S6 |
| 082 ## - DEWEY DECIMAL CLASSIFICATION NUMBER | |
| Classification number | 974.724 |
| 100 1# - MAIN ENTRY--PERSONAL NAME | |
| Personal name | Smith, Valentine W., |
| Dates associated with a name | 1868- |
| 245 10 - TITLE STATEMENT | |
| Title | Far Rockaway in reminiscence, |
| Statement of responsibility, etc. | by Valentine W. Smith; an address delivered at the noonday meeting of the Exchange Club in Far Rockaway, Tuesday, November 13, 1934. |
| 260 ## - PUBLICATION, DISTRIBUTION, ETC. | |
| Place of publication, distribution, etc. | Jamaica, N.Y., |
| Name of publisher, distributor, etc. | The Queens Borough Public Library, |
| Date of publication, distribution, etc. | 1936. |
| 300 ## - PHYSICAL DESCRIPTION | |
| Extent | 30, [6] p. |
| Other physical details | front. (port.) 1 illus., pl. |
| Dimensions | 28 cm. |
| 500 ## - GENERAL NOTE | |
| General note | All of the illustrations are mounted. |
| 500 ## - GENERAL NOTE | |
| General note | Multigraphed. |
| 651 #0 - SUBJECT ADDED ENTRY--GEOGRAPHIC NAME | |
| Geographic name | Far Rockaway (N.Y.) |
| 710 2# - ADDED ENTRY--CORPORATE NAME | |
| Corporate name or jurisdiction name as entry element | Exchange Club of Far Rockaway, N.Y. |
No items available.